000 01302nam a22002777a 4500
003 BD-DhSAU
005 20190101103631.0
008 160718b201 bg ||||| |||| 001 0 eng d
040 _aBD-DhSAU
082 _222
_a581.15
_bS954
100 _aSultana, Shakila
_eRegi. no. 09-03559
245 _aGenetic variability, correlation and path co-efficient analysis of yield and yield contributing characters in Mungbean (Vigna radiata L. Wilezek) /
_c Shakila Sultana
_bMs Thesis
260 _aSher-e-Bangla Agricultural University :
_bDepartment of Genetics and Plant Breeding,
_c2015.
300 _aviii, 93 p. :
_bill. ;
_c30 cm.
500 _aMS thesis of Department of Genetics and Plant Breeding, Faculty of Agriculture, Sher-e-Bangla Agricultural University, Dhaka, Bangladesh
504 _aIncludes bibliographical references.
590 _aKamim
650 _aGenetics and Plant Breeding
650 _aGenetic variability, correlation and path co-efficient analysis
650 _ayield and yield contributing characters
650 _a Bungbean(Vigna radiata L. Wilezek)
700 _aRahim, Md. Abdur
_eSuperviser
700 _aHossain , Md. Sarowar
_eCo-superviser
856 _uhttp://archive.saulibrary.edu.bd:8080/xmlui/handle/123456789/1097
_yOnline Access
942 _2ddc
_cTHESIS
999 _c13880
_d13879